League of Legends - LCK Champions - Statistics

General Stats
  • This quiz has been taken 3,339 times
    712 since last reset
  • The average score is 44 of 89
Answer Stats
Times Team/Player % Correct
4 Gen.G
96%
10 SK Telecom T1
96%
T1
96%
10 Faker
93%
2 Hanwha Life
92%
4 Chovy
89%
DAMWON Gaming
89%
3 DWG KIA
89%
1 Keria
89%
2 Zeus
89%
1 Oner
88%
8 Peanut
88%
3 Canyon
87%
1 Gumayusi
87%
1 Ruler
86%
4 Doran
85%
3 ShowMaker
85%
2 Zeka
85%
1 Kiin
84%
2 Viper
82%
4 Bang
80%
1 Samsung Blue
80%
4 Bengi
79%
3 BeryL
79%
3 Peyz
79%
4 Wolf
76%
2 Lehends
74%
4 Delight
72%
2 KT Rolster
72%
3 Ghost
71%
1 Nuguri
70%
1 ROX Tigers
70%
6 Khan
66%
2 Deft
65%
3 Mata
65%
1 imp
63%
2 MaRin
63%
3 Teddy
63%
2 Bdd
60%
1 Canna
60%
2 Impact
57%
2 Smeb
56%
1 Easyhoon
55%
3 GorillA
54%
4 PraY
53%
2 Cuzz
52%
1 Duke
50%
1 Huni
50%
2 Piglet
47%
2 PoohManDu
43%
1 Blank
42%
2 Effort
42%
2 Clid
40%
1 Kuro
40%
1 Kingzone DragonX
39%
1 Longzhu Gaming
38%
1 Ambition
36%
1 Azubu Frost
32%
1 Score
30%
1 NaJin Sword
27%
1 DanDy
26%
1 Rookie
24%
1 Tom
24%
1 Ucal
23%
1 Dade
20%
1 dade
20%
1 MadLife
20%
1 MVP Ozone
17%
1 Shy
16%
1 Arrow
13%
1 CloudTemplar
12%
1 Acorn
11%
1 CaptainJack
11%
1 KaKAO
11%
1 MiG Blaze
11%
1 Spirit
11%
1 RapidStar
10%
1 ssumday
10%
1 Heart
9%
1 Woong
9%
1 Cain
7%
1 Hachani
7%
1 Helios
7%
1 LustBoy
7%
1 MakNooN
7%
1 SSONG
6%
1 Watch
6%
1 FantasyStar
5%
1 Homme
5%
No matching quizzes found
Score Distribution
Percent of People with Each Score
Percentile by Number Answered
Your Score History
You have not taken this quiz since the last reset